00440nam a2200133 a 450000500170000000800410001705000210005824500310007926000400011044000150015065000120016599900190017795201100019620140414132051.0110712s19uu xx 00 eng d aREF 031bCHI V.5 aChildcraft: About animals. aChicago :bWorld Book, Inc.,c1987. aChildcraft aAnimals c114169d114169 001040aMUbMUcREFd2011-07-12efr. ELIl0oREF 031 CHI V.5pM5921r2014-04-14 00:00:00w2014-04-14yBK